Linha Palmeiro (Record no. 142217)

MARC details
000 -LÍDER
campo de controle de tamanho fixo 00652 a2200169 4500
001 - NÚMERO DE CONTROLE
campo de controle 142217
040 ## - FONTE DA CATALOGAÇÃO
Instituição que transcreveu o registro Leonardo Da Vinci
041 ## - CÓDIGO DE IDIOMA
Código do idioma do texto/trilha sonora ou título diferente Português
082 ## - CDD - CLASSIFICAÇÃO DECIMAL DE DEWEY
Número de Classificação 981.65 D349l
Número do exemplar D349l
100 ## - ENTRADA PRINCIPAL--NOME PESSOAL
Nome pessoal DECÓ, Ermínio Dall'Agnol
245 ## - TÍTULO
Título Linha Palmeiro
Restante do título microrregião de colonização italiana; Bento Gonçalves e<br/>Farroupilha - RS
260 ## - PUBLICAÇÃO, DISTRIBUIÇÃO, ETC.
Nome do editor, distribuidor, etc. Escola Profissional La Salle
Data da publicação, distribuição, etc. 1994
Local de publicação, distribuição, etc. Rio Grande do Sul
300 ## - DESCRIÇÃO FÍSICA
Extensão 239
362 ## - DATAS DE PUBLICAÇÃO E/OU DESIGNAÇÃO SEQUENCIAL
Datas de publicação e/ou designação sequencial 19940000
697 ## - ENTRADA DE ASSUNTO LOCAL--ENTIDADE COLETIVA (RLIN)
Nome corporativo ou nome da jurisdição História
-- Imigração italiana
-- Imigrantes
-- Rio Grande do Sul
-- Manifestação cultural
-- Manifestação religiosa
-- Tradição
-- Costumes
-- Farroupilha
-- Dialetos
-- Cantigas
-- Brasil
942 ## - ELEMENTOS DE ENTRADA ADICIONADOS (KOHA)
Tipo de material Koha Livros
Holdings
Situação do descarte Situação das perdas Situação física Não pode ser emprestado Biblioteca de origem Biblioteca atual Data de aquisição Total de empréstimos Número de chamada completo Código de barras Data de último acesso Data do preço efetivo Tipo de material Koha
        Leonardo Da Vinci - Osasco Leonardo Da Vinci - Osasco 27/03/2024   981.65 D349l O008537 27/03/2024 27/03/2024 Livros